Statistiques concernant Livre à l'auteur

Cliquez ici pour prendre le quiz!

Statistiques générales

  • Ce quiz a été pris 355 fois
  • Le résultat moyen est 6 sur 15

Statistiques - réponses

LivreAuteur% Correct
Notre-Dame de ParisVictor Hugo
98%
Vingt mille lieues sous les mersJules Verne
93%
Œuvres principales Le Comte de Monte-CristoAlexandre Dumas
77%
Divine ComédieDante Alighieri
63%
Anna KarénineLéon Tolstoï
61%
Charlie et la ChocolaterieRoald Dahl
52%
Souffrances du jeune WertherJohann Wolfgang von Goethe
33%
À l'est d'EdenJohn Steinbeck
26%
Les Hommes qui n'aimaient pas les femmesStieg Larsson
18%
La Ferme africaineKaren Blixen
17%
Le ParrainMario Puzo
10%
Le Temps de l'innocenceEdith Wharton
6%
PurgeSofia Oksanen
5%
Winnie l'oursonA.A.Milne
4%
Les Fantômes de LuLingAmy Tan
4%

Distribution des résultats

Percentile par nombre de réponses

% des personnes avec chaque résultat

Votre développement - résultats

Vous n’avez pas pris ce quiz